000 00444nam a2200157 i 4500
001 33294
003 ES-MaACL
005 20230906154731.0
007 t|
008 030201s1961 pl ||||1| pol d
100 1 _aBiedrzycki, Emil.
_928801
245 1 0 _aMikolaj Balcescu
_b: rumunski pisarz i rewolucjonista /
_cEmil Biedrzycki.
260 _aKrakow :
_b[Bytom],
_c1961.
300 _a65 p. ;
_c25 cm.
852 _aES-MaACL
_jC-21860
_bR.48379
999 _c33294
_d33294